Nhân chứng của thiên nhiên : Bút ký và chân dung văn học /
Đã lưu trong:
| 主要作者: | |
|---|---|
| 格式: | Sách giấy |
| 語言: | Vietnamese |
| 出版: |
Hà Nội :
Thanh niên ,
2000
|
| 標簽: |
添加標簽
沒有標簽, 成為第一個標記此記錄!
|
| Thư viện lưu trữ: | Thư viện Trường Đại học Đà Lạt |
|---|
| LEADER | 00610nam a2200241 4500 | ||
|---|---|---|---|
| 001 | DLU020018121 | ||
| 005 | ##5/30/2001 | ||
| 020 | # | # | |a 978- |
| 041 | # | # | |a vie |
| 082 | # | # | |a 895.922 803 |b NG-T |
| 100 | # | # | |a Nguyễn Đức Thọ |
| 245 | # | # | |a Nhân chứng của thiên nhiên : |b Bút ký và chân dung văn học / |c Nguyễn Đức Thọ |
| 260 | # | # | |a Hà Nội : |b Thanh niên , |c 2000 |
| 300 | # | # | |a 224 tr.; |c 21 cm. |
| 992 | # | # | |a 25000 |
| 994 | # | # | |a DLU |
| 900 | # | # | |a False |
| 911 | # | # | |a Administrator |
| 925 | # | # | |a G |
| 926 | # | # | |a A |
| 927 | # | # | |a SH |
| 980 | # | # | |a Thư viện Trường Đại học Đà Lạt |